| 000 | 00681cam a2200205 a 4500 | ||
|---|---|---|---|
| 001 | 000012354 | ||
| 005 | 20200929163019.0 | ||
| 008 | 880506s1985 cu 000 f spa d | ||
| 040 |
_aDO-SdBNP _bspa _cDLC _dBNPHU |
||
| 082 |
_aCu863.44 _bA447u |
||
| 100 | 1 |
_aAlmeida Bosque, Juan, _d1927-2009. _919267 |
|
| 245 | 1 | 3 |
_aLa unica ciudadana / _cJuan Almeida Bosque; edición Dominica Diez. |
| 260 |
_aHabana, (Cuba) : _bCasa de la Americas, _cc1985. |
||
| 300 |
_a154 p. ; _c19 cm. |
||
| 650 | 4 |
_aNovela histórica cubana _95841 |
|
| 650 | 4 |
_aNovela cubana _92316 |
|
| 650 | 4 |
_aLiteratura cubana _91483 |
|
| 700 | 1 |
_aDiez, Dominica, _eed. _914421 |
|
| 910 | _aCatalogación por copia / LC | ||
| 999 |
_c12011 _d12011 |
||